BUBT Library Online Catalog

বাংলাদেশের গেরিলা যুদ্ধ / (Record no. 5993)

000 -LEADER
fixed length control field 00673nam a22001937a 4500
003 - CONTROL NUMBER IDENTIFIER
control field BUBTL
008 - FIXED-LENGTH DATA ELEMENTS--GENERAL INFORMATION
fixed length control field 190427b xxu||||| |||| 00| 0 eng d
020 ## - INTERNATIONAL STANDARD BOOK NUMBER
International Standard Book Number 984-70133-0010-1
082 ## - DEWEY DECIMAL CLASSIFICATION NUMBER
Classification number 954.92 / ISB
100 ## - MAIN ENTRY--PERSONAL NAME
9 (RLIN) 2295
Personal name ইসলাম, রফিকুল
245 ## - TITLE STATEMENT
Title বাংলাদেশের গেরিলা যুদ্ধ /
Statement of responsibility, etc. রফিকুল ইসলাম
250 ## - EDITION STATEMENT
Edition statement 2nd ed.
260 ## - PUBLICATION, DISTRIBUTION, ETC. (IMPRINT)
Place of publication, distribution, etc. ঢাকা :
Name of publisher, distributor, etc. কাকলী প্রকাশনী
Date of publication, distribution, etc. c1997
300 ## - PHYSICAL DESCRIPTION
Extent 128 p. :
Dimensions 22 cm.
650 #0 - SUBJECT ADDED ENTRY--TOPICAL TERM
9 (RLIN) 1755
Topical term or geographic name as entry element মুক্তিযুদ্ধ
856 ## - ELECTRONIC LOCATION AND ACCESS
Password 0
Logon 0
Link text Download
942 ## - ADDED ENTRY ELEMENTS (KOHA)
Source of classification or shelving scheme
Koha item type Books
Holdings
Withdrawn status Lost status Source of classification or shelving scheme Damaged status Not for loan Collection code Permanent location Current location Shelving location Date acquired Inventory number Total Checkouts Full call number Barcode Date last seen Date last checked out Copy number Price effective from Koha item type
          Fiction Bangladesh University of Business and Technology Library Bangladesh University of Business and Technology Library Fiction 10/30/2016 22876 1 954.92 / ISB BUBTL-200322876 01/25/2024 01/18/2024 C-1 04/27/2019 Books

More Information About Library

Library Hours

  • Open: 9.00 am. to 9.00 pm.
  • Only Sunday: 9.00 am. to 6.00 pm.
  • Closed: Holiday

Contact to the University

Bangladesh University of Business and Technology Library

  • Mirpurl-2, 1216.
  • Phone:
  • Fax:
  • E-Mail: admin.library@bubt.edu.bd

Contact to the Library

Contact Person:

Md. Abdul Hakim Shah
Joint Librarian
PABX No:  113
Cell No: 01816332931
E-mail: official: admin.library@bubt.edu.bd
Personal: hakim.shah@bubt.edu.bd


BUBT Library

Copyright © 2021